[Event "EWCCC Online Preliminary-C 2020"]
[Site "Online"]
[Date "2020.12.19"]
[Round "6.2"]
[White "Girya, Olga"]
[Black "Hakimifard, Ghazal"]
[Result "1-0"]
[WhiteElo "2469"]
[BlackElo "2265"]
[Annotator "TA"]
[PlyCount "193"]
[EventDate "2020.12.19"]
[EventType "team-tourn"]
[EventCountry "NET"]
[SourceTitle "playchess.com"]
[Source "ChessBase"]
[SourceQuality "1"]

{[%evp 16,193,25,23,21,24,43,37,43,38,43,20,68,61,81,40,130,49,62,36,119,75,50,39,23,50,121,105,180,193,182,143,139,142,138,127,127,71,100,92,178,194,185,196,192,148,145,142,142,141,139,134,184,185,208,191,243,115,134,108,108,108,108,108,108,101,123,109,108,106,106,75,89,76,96,83,83,83,83,68,75,75,89,70,75,70,108,75,75,45,75,75,75,75,75,75,75,75,75,75,80,80,82,75,84,84,84,84,91,91,91,91,187,104,91,82,87,86,86,78,188,111,115,75,75,75,75,75,72,0,75,67,75,75,75,75,75,75,75,60,60,61,73,66,91,66,69,69,69,60,62,63,156,70,231,229,233,233,371,356,5517,5433,1881,1689,29963,29964,29963,29967,29975,29976,29975,29976,29975,29976,29984,29985,29985,29986,29996,29997]} 1. d4 Nf6 2. c4 e6 3. Nf3 b6 4. g3 Bb7 5. Bg2 Be7 6. O-O O-O 7. Nc3 Ne4 8. Bd2 $1 {[%mdl 4] is currently scoring better than 8.Qc2.} Nxd2 9. Nxd2 Bxg2 {E18: Queen's Indian: Old Main Line (4 g3 Bb7 5 Bg2 Be7 6 0-0 0-0 7 Nc3).} 10. Kxg2 d5 11. cxd5 exd5 {[#] White is slightly better.} 12. Nf3 $146 ({Predecessor:} 12. Qb3 c6 13. Nf3 Nd7 14. Rac1 Rc8 15. Rfd1 Nf6 16. Ne5 Bd6 17. f4 Bxe5 18. dxe5 {0-1 (38) Vyparina,M (2120)-Botezatu,G (2195) Mureck 1998}) 12... c6 13. Qa4 Bf6 14. Rac1 Re8 15. Rfd1 Qd6 (15... b5 $14 16. Qb3 a5) 16. e3 (16. Re1 $1 $16) 16... Nd7 17. Ne2 c5 (17... Rec8 $14) 18. dxc5 bxc5 19. Nf4 Nb6 20. Qb5 Rac8 (20... g5 $14 21. b4 gxf4 22. bxc5 Qd7 23. Qxd7 Nxd7) 21. a4 $1 $16 {[%cal Ba2a4,Ba4a5][%mdl 32]} d4 (21... a5 $16) 22. exd4 $18 cxd4 23. a5 Nd7 24. Rxc8 Rxc8 25. Nd5 Rb8 26. Nxf6+ (26. Qc4 $142 $1) 26... Nxf6 $16 27. Qc4 Rb4 (27... Rxb2 $16 28. Rxd4 Qe7) 28. Rxd4 $18 Rxc4 29. Rxd6 {[%mdl 4096] Endgame Threatening mate with Rd8+. KRN-KRN} h5 30. Ng5 {White threatens Rd8+ and mate.} Kf8 31. Rd8+ Ke7 32. Ra8 Rc7 33. b4 Nd5 34. b5 $1 Kf6 35. h4 Nc3 (35... Ke7 $142 36. b6 axb6) 36. b6 (36. Rb8 $1 $18 {is the precise move to win.}) 36... axb6 $16 37. axb6 Rb7 38. Ra7 Rxb6 39. Rxf7+ Kg6 40. Rd7 Rf6 41. Rd3 Nb5 42. Ne4 Re6 43. f3 Rc6 44. Kh3 Ra6 45. Rd5 Nc7 46. Rg5+ Kh6 47. Nc5 Rf6 48. Kg2 Rc6 49. Nd3 Ne8 50. Nf4 {[%csl Gf4][%cal Rg5h5]} Nf6 51. Re5 Rc2+ 52. Re2 Rc3 53. Rd2 Ra3 54. Kf2 Rb3 55. Re2 Ra3 56. Rc2 Rb3 57. Ra2 Rc3 58. Ra8 Kh7 59. Ne6 Rb3 60. Ra7 Ne8 61. Re7 {Cut Off at move 61} Rb8 62. Ke3 Kg6 63. Nf4+ Kf6 (63... Kh6 $16 64. g4 hxg4) 64. Re6+ (64. Re4 $1 $18) 64... Kf7 65. Ra6 Rb3+ 66. Kf2 Rb2+ 67. Kg1 Nf6 {[#]} (67... Rb1+ $16 68. Kf2 Rb2+ 69. Ke3 Rb3+ 70. Nd3 Nf6) 68. Ra7+ (68. Ra5 $1 $18) 68... Kg8 69. Ra5 Rb3 70. Kg2 Rb2+ 71. Kh3 Rb3 72. Kg2 Rb2+ 73. Kf1 Rb1+ 74. Kf2 Rb2+ 75. Ke3 Rb3+ 76. Nd3 Kf7 77. Rc5 Ra3 78. Kd4 Ke6 79. Rc6+ Kd7 80. Rc3 Ra4+ 81. Rc4 Ra3 82. Rb4 Kd6 83. Rb6+ Kc7 ({Black should play} 83... Ke7 $1 $14) 84. Rb5 {Threatens to win with Rg5.} Kc6 $2 {[#] This costs Black the game.} (84... Kd6 $14) 85. Rg5 $1 $18 Ra7 86. Nf4 Ra3 (86... Kd6 {might work better.} 87. Nxh5 Ra4+ 88. Ke3 Nxh5 89. Rxh5 Ke7) 87. Rxg7 {Black must now prevent Rg6.} Rxf3 $2 (87... Ne8) 88. Rg6 $1 {[%csl LRf6,LRh5]} Kd7 89. Rxf6 Rxg3 90. Nxh5 {KRN-KR. White mates.} Rh3 91. Rf4 Ke7 92. Ke5 Re3+ 93. Kf5 Kf7 94. Kg5+ Kg8 {[#]} 95. Re4 $3 {[%mdl 512]} Ra3 (95... Rxe4 96. Nf6+) 96. Kg6 {[%cal Re4e8]} Ra6+ 97. Nf6+ {Weighted Error Value: White=0.15/Black=0.18} 1-0

[Event "EWCCC Online Preliminary-C 2020"]
[Site "Online"]
[Date "2020.12.19"]
[Round "6.2"]
[White "Dordzhieva, Dinara"]
[Black "Thode, Gilda"]
[Result "1-0"]
[WhiteElo "2352"]
[BlackElo "1987"]
[Annotator "TA"]
[PlyCount "81"]
[EventDate "2020.12.19"]
[EventType "team-tourn"]
[EventCountry "NET"]
[SourceTitle "playchess.com"]
[Source "ChessBase"]
[SourceQuality "1"]

{[%evp 11,80,7,35,28,23,19,32,31,52,50,62,55,51,48,56,56,68,66,56,55,57,57,69,42,63,68,64,40,61,0,6,21,29,0,0,-57,-51,-50,-52,-47,-62,-84,-69,-77,-39,-94,0,0,2,9,25,0,25,3,266,260,1152,1140,1325,1325,29989,29990,29990,29990,29989,29988,29993,29993,29996,29996,29999]} 1. d4 e6 2. c4 Nf6 3. Nf3 b6 4. a3 Bb7 5. Nc3 Be7 6. Qc2 c5 7. e4 {E12: Queen's Indian: Unusual White 4th moves, 4 a3, 4 Nc3 Bb7 5 a3 and 4 Nc3 Bb7 .} cxd4 8. Nxd4 d6 9. Be2 {White is slightly better.} Nbd7 10. O-O {[#]} Nc5 $146 {[%cal Rf6e4]} ({Predecessor:} 10... O-O 11. Rd1 a6 12. Nf3 Qc7 13. Bf4 Rfd8 14. Rac1 Rac8 15. Qb1 Qb8 16. Re1 Qa8 {1-0 (57) Debashis,D (2532)-Mrudul,D (2078) Sharjah 2019}) 11. f3 O-O 12. Be3 a6 13. Rfd1 Qc7 14. Rac1 Rac8 15. b4 Ncd7 16. Qd2 Rfd8 17. Bf1 Ne5 18. Na4 Nfd7 19. Qf2 Qb8 20. Nb3 ({White should try} 20. Be2 $14) 20... Nxc4 $1 $11 {[%mdl 64] Remove Defender, Decoy} 21. Bxc4 b5 22. Nb6 Nxb6 $1 23. Bxb6 (23. Bxe6 $11 fxe6 24. Bxb6 Rxc1 25. Rxc1) 23... bxc4 $15 24. Bxd8 Bxd8 25. Na5 d5 $1 26. exd5 Bxd5 {Hoping for ...Bb6.} 27. Kh1 Bb6 28. Qe2 (28. Qh4 $15) 28... Bxa5 (28... Qf4 $17 29. Rf1 h5) 29. bxa5 $11 Qb5 30. Qd2 h6 31. Qb4 Qc6 32. Rc3 Qd7 $2 {[%mdl 8192] [#] This move loses the game for Black.} (32... Qc5 $11) 33. Rxc4 $1 $18 {[%mdl 512]} Bxc4 $2 (33... f6 34. Rcc1 Qe8) (33... Rxc4 34. Qxc4) 34. Rxd7 Bd5 35. h3 Rc4 36. Qb8+ {White mates.} Kh7 37. Rxf7 e5 {[#]} 38. Re7 $1 Rc1+ 39. Kh2 e4 40. Qf8 {[%csl Gf8][%cal Re7g7]} exf3 41. Qxg7# {Weighted Error Value: White=0.13/Black=0.46} 1-0

[Event "EWCCC Online Preliminary-C 2020"]
[Site "Online"]
[Date "2020.12.19"]
[Round "6.2"]
[White "De Seroux, Camille"]
[Black "Badelka, Olga"]
[Result "0-1"]
[WhiteElo "2137"]
[BlackElo "2427"]
[Annotator "TA"]
[PlyCount "58"]
[EventDate "2020.12.19"]
[EventType "team-tourn"]
[EventCountry "NET"]
[SourceTitle "playchess.com"]
[Source "ChessBase"]
[SourceQuality "1"]

{[%evp 13,58,18,22,0,16,9,27,0,0,-82,-66,-70,-69,-138,-126,-118,-77,-80,-81,-83,-54,-49,-62,-60,-62,-85,-72,-73,-80,-159,-159,-152,-121,-228,-216,-29978,-893,-29980,-29981,-29966,-1943,-29988,-29989,-29997,-29980,-29980,-1176]} 1. e4 c5 2. Nc3 d6 3. Nf3 e5 4. Bc4 Be7 5. O-O Nf6 6. d3 O-O 7. Bg5 Nc6 8. Nd2 {B30: Sicilian: 2...Nc6 3 Bb5, lines without ...g6.} Nd4 {[#]} 9. h3 $146 ({Predecessor:} 9. Bxf6 Bxf6 10. Nd5 b5 11. Bb3 Be6 12. c3 Nxb3 13. Qxb3 Rb8 14. Nxf6+ Qxf6 15. Qd1 a5 {0-1 (40) Hellweger,S (1576)-Nardi,M (1774) Bratto 2003}) 9... Be6 10. f4 {White has an edge.} exf4 11. Rxf4 (11. Bxf4 $11 d5 12. exd5 Nxd5 13. Nxd5 Bxd5 14. c3) 11... h6 $17 12. Bxf6 Bxf6 13. Nd5 (13. a4 $15) 13... Be5 $1 {...Bxd5 is the strong threat.} 14. Rf1 Qg5 {Strongly threatening ...Bxh3.} 15. Nf3 {[#]} Nxf3+ $1 16. Rxf3 Bxb2 {Hoping for ...b5.} 17. Rb1 Bd4+ 18. Kh1 Rab8 $36 {[%mdl 2048] White is under pressure.} 19. c3 Bxd5 20. Bxd5 Bxc3 21. Rxf7 (21. Qa4 $142) 21... Rxf7 22. Bxf7+ Kh8 23. Qb3 (23. Qh5 $17 {was necessary.}) 23... Be5 $19 24. g4 $2 (24. d4 $19 Bxd4 25. Bc4) 24... Qf4 (24... Qd2 $142 25. Kg1 Rf8 26. d4 Qh2+ 27. Kf1 d5 28. Qxd5 Bxd4 29. Qf5 Qh1+ 30. Ke2 Qxb1 31. g5 Qc2+ 32. Ke1 Qc1+ 33. Ke2 Qe3+ 34. Kd1 Rd8 35. Bd5 Bc3 36. Qf4 Qxf4 37. Ke2 Qd2+ 38. Kf3 Rf8+ 39. Bf7 Rxf7+ 40. Kg3 Be5+ 41. Kh4 Qxg5#) 25. Kg2 Qg3+ 26. Kf1 Rf8 (26... Qf3+ $142 27. Ke1 Rf8 28. d4 Qxe4+ 29. Kd1 Qxd4+ 30. Ke1 Qe4+ 31. Kd1 Qh1+ 32. Ke2 Qe4+ 33. Kd1 Qh1+ 34. Ke2 Qg2+ 35. Ke3 Bd4+ 36. Kd3 Qf3+ {[%mdl 64] Double Attack} 37. Kd2 Qf2+ 38. Kd3 Rxf7 39. Qxf7 Qxf7 40. Re1 Qf3+ {[%mdl 64] Double Attack} 41. Kc2 Qc3+ {[%mdl 64] Double Attack} 42. Kd1 Qa1+ {[%mdl 64] Double Attack} 43. Ke2 Qxa2+ 44. Kd3 Qb3+ 45. Kd2 Bc3+ {[%mdl 64] Skewer} 46. Ke2 Qe6+ 47. Kf3 Bxe1 48. g5 d5 49. Kg2 Qe2+ 50. Kg1 Bg3 51. gxh6 Qh2+ {[%mdl 64] Double Attack} 52. Kf1 Qf2#) 27. Ke2 Qg2+ {Black mates.} 28. Ke1 Bg3+ 29. Kd1 Qf3+ {Weighted Error Value: White=1.22/Black=0.58} (29... Qf1+ $142 30. Kd2 Qf2+ 31. Kc3 Be5+ 32. Kc4 Qxf7+ 33. Kb5 Qd7+ 34. Ka5 {[#]} Bc3+ $1 {[%mdl 576] Deflection} 35. Qxc3 b6+ 36. Ka6 Qc6 37. Qxc5 {[%mdl 64] Back Rank} dxc5 38. Rb5 Qc8+ 39. Kxa7 Qc6 40. Rxb6 Ra8#) 0-1

[Event "EWCCC Online Preliminary-C 2020"]
[Site "Online"]
[Date "2020.12.19"]
[Round "6.2"]
[White "Heinatz, Maria"]
[Black "Kovanova, Baira"]
[Result "0-1"]
[WhiteElo "1941"]
[BlackElo "2328"]
[Annotator "TA"]
[PlyCount "78"]
[EventDate "2020.12.19"]
[EventType "team-tourn"]
[EventCountry "NET"]
[SourceTitle "playchess.com"]
[Source "ChessBase"]
[SourceQuality "1"]

{[%evp 13,78,22,37,10,33,-30,-26,-46,-26,-36,-9,-13,21,0,0,0,0,-17,0,0,0,-58,-58,-73,-56,-240,-181,-173,-177,-229,-227,-224,-230,-230,-212,-241,-208,-201,-197,-328,-224,-325,-259,-325,-319,-340,-340,-301,-271,-271,-269,-293,-221,-210,-209,-347,-337,-341,-343,-430,-406,-356,-324,-29996,-29994,-29994,-29995]} 1. e4 e5 2. Nf3 d6 3. d4 exd4 4. Nxd4 Nf6 5. Nc3 Be7 6. Bd3 O-O 7. O-O Nbd7 8. Nd5 {C41: Philidor Defence.} Nc5 {[#]} (8... Nxd5 {feels hotter.} 9. exd5 Ne5 10. Be4 Bf6 11. h3 Re8) 9. Nf5 $146 (9. Nxe7+ $14 Qxe7 10. f3) ({Predecessor:} 9. Nxe7+ Qxe7 10. f3 Bd7 11. c4 a5 12. Re1 Rfe8 13. Bc2 Qe5 14. b3 d5 15. Ba3 dxc4 {½-½ (29) Camarasa Escutia,J-Martinez Villena,D (1996) Cullera 2006}) 9... Bxf5 $11 10. Nxe7+ {Black has an edge.} Qxe7 11. exf5 Nxd3 12. Qxd3 h6 13. Bd2 d5 14. Rfe1 Qd6 15. g3 Ne4 16. Bf4 Qb6 17. Qe3 (17. Be3 $11 Qxb2 18. Qxd5) 17... Qxb2 $15 18. f3 Ng5 19. Be5 $2 (19. Bxg5 $15 hxg5 20. Qxg5) 19... Qxe5 {[%mdl 64] [#] Deflection, Decoy} 20. Qxe5 Nxf3+ {[%mdl 64] Double Attack} 21. Kg2 (21. Kf2 $142 Nxe5 22. Rxe5) 21... Nxe5 $19 22. Rxe5 {[%mdl 4096] Endgame KRR-KRR} Rfe8 23. Rxd5 Re2+ {[%mdl 64] [#] Double Attack} 24. Kh3 Rae8 25. Rc5 c6 26. f6 (26. Rb1 $142) 26... gxf6 27. Rf1 (27. Rb1 {was necessary.}) 27... Kg7 28. Rf4 R8e5 29. Rg4+ Rg5 30. Rcc4 f5 31. Rh4 Kg6 32. a4 h5 33. a5 a6 34. Rhd4 (34. Rb4 $142) 34... Rg4 35. Rd6+ f6 36. Rc5 Rge4 37. Rd7 Rf2 {( -> ...Ree2!)} 38. Rc4 $2 (38. Rd1 $19) 38... Rxc4 39. c3 Rxc3 {White got outplayed after the opening.  Weighted Error Value: White=0.57/Black=0.19} 0-1

[Event "EWCCC Online Preliminary-C 2020"]
[Site "Online"]
[Date "2020.12.19"]
[Round "6.3"]
[White "Hoang, Thanh Trang"]
[Black "Guichard, Pauline"]
[Result "1/2-1/2"]
[WhiteElo "2404"]
[BlackElo "2415"]
[Annotator "TA"]
[PlyCount "61"]
[EventDate "2020.12.19"]
[EventType "team-tourn"]
[EventCountry "NET"]
[SourceTitle "playchess.com"]
[Source "ChessBase"]
[SourceQuality "1"]

{[%evp 18,61,1,-8,27,10,17,0,17,21,25,16,18,0,0,-4,48,25,56,48,61,60,66,0,0,0,0,0,0,0,0,0,0,0,2,0,25,4,22,6,2,0,22,0,6,0]} 1. d4 Nf6 2. Nf3 e6 3. e3 d5 4. Bd3 c5 5. b3 b6 6. O-O Be7 7. Bb2 O-O 8. Nbd2 Bb7 9. Ne5 Nbd7 10. f4 {10.Qe2 is more fashionable.} g6 {D05: Colle System with ...e6.} 11. Qf3 Rc8 12. Rac1 {[#]} Qc7 $146 {[#] Strongly threatening ...c4!} ({Predecessor:} 12... Rc7 13. Qh3 cxd4 14. exd4 Ne8 15. Rf3 f5 16. Rg3 Nxe5 17. fxe5 Bh4 18. Rf3 Ng7 {1-0 (28) Duval,D (1790)-Danzanvilliers,P (1847) Montigny le Bretonneux 2010}) 13. Qe2 Rfd8 14. c4 dxc4 15. Ndxc4 Qb8 16. Nxd7 (16. Rcd1 {keeps more tension.} Qc7 17. Rc1) 16... Rxd7 (16... Nxd7 $11 17. Ne5 cxd4 18. Rxc8 Qxc8) 17. Ne5 $14 Rdc7 18. dxc5 Rxc5 19. Rxc5 Rxc5 20. Bd4 ({White should try} 20. e4 $14) 20... Rc8 21. Qb2 Be4 22. Nd7 Nxd7 23. Bxe4 Bc5 24. Rd1 Bxd4 25. Qxd4 Nc5 26. Bf3 a5 27. h3 Re8 {The position is equal.} 28. Bc6 Rc8 29. Bf3 Re8 30. Bc6 Rc8 31. Bf3 {Weighted Error Value: White=0.10/Black=0.07} 1/2-1/2

[Event "EWCCC Online Preliminary-C 2020"]
[Site "Online"]
[Date "2020.12.19"]
[Round "6.3"]
[White "Lazarne Vajda, Szidonia"]
[Black "Moingt, Anne"]
[Result "1-0"]
[WhiteElo "2345"]
[BlackElo "2076"]
[Annotator "TA"]
[PlyCount "173"]
[EventDate "2020.12.19"]
[EventType "team-tourn"]
[EventCountry "NET"]
[SourceTitle "playchess.com"]
[Source "ChessBase"]
[SourceQuality "1"]

{[%evp 10,173,9,1,18,24,15,10,25,17,43,35,37,37,19,0,-2,-8,-8,-8,-8,-10,-12,0,0,0,0,-16,16,-12,0,0,19,14,20,0,0,0,129,115,121,129,119,117,160,125,135,137,167,172,175,169,170,173,194,195,194,192,253,253,246,246,487,484,460,441,446,421,447,368,1064,487,993,1016,1022,1022,1032,1035,1018,1018,928,690,690,690,426,420,417,420,5707,690,950,690,1197,644,29993,29953,12497,12833,29993,11857,11823,5707,5173,5097,4874,4688,4421,3670,1606,873,1773,1181,1391,800,785,749,770,756,694,704,4512,4582,4698,4688,5712,7123,2551,1952,29945,29951,29952,29956,29967,29964,29966,29967,29967,29968,29967,29970,29971,29972,29970,6130,29971,0,29974,29973,29972,29973,29973,29974,29973,29975,29978,29974,29974,0,29985,29986,29984,29981,29981,29982,29984,29984]} 1. d4 Nf6 2. Nf3 e6 3. Bf4 c5 4. e3 b6 5. Nbd2 Bb7 6. Bd3 cxd4 {A47: 1 d4 Nf6 2 Nf3 b6: Torre, London and Colle Systems.} 7. exd4 Be7 8. O-O O-O {The position is equal.} 9. h3 d6 10. a4 a6 11. Qe2 Nbd7 {[%cal Bb8d7,Bd7f6,Bf6e4][%mdl 32]} 12. Rfe1 {[#]} Nd5 $146 ({Predecessor:} 12... Re8 13. Ng5 Bf8 14. Nge4 Nxe4 15. Nxe4 Nf6 16. Bg5 Be7 17. Bxf6 Bxf6 18. Nxf6+ Qxf6 19. c3 Qe5 20. dxe5 {1-0 (20) Budisavljevic,L (2444)-Megalios,K (2401) chess.com INT 2020}) 13. Bh2 Nb4 14. Be4 d5 15. Bd3 Nxd3 16. Qxd3 Nf6 17. Ne5 Rc8 18. c3 Bd6 19. Nef3 Ne4 20. Bxd6 Qxd6 21. Qe3 {[%cal Rd2e4]} Rfe8 22. Ng5 {[%cal Rd2e4]} Nxd2 23. Qxd2 b5 (23... f6 $11 24. Nf3 a5) 24. axb5 {Black is on the road to losing.} axb5 25. Qd3 g6 26. Qxb5 Rb8 27. Qd3 f6 28. Nf3 $1 e5 29. dxe5 fxe5 {And now ...e4 would win.} 30. Qe3 d4 31. cxd4 Bxf3 32. dxe5 ({Don't play} 32. gxf3 $6 Qxd4 33. Re2 Qxe3 $14) ({But not} 32. Qxf3 $6 exd4 33. Rxe8+ Rxe8 $16) 32... Qd5 33. Qxf3 Rxe5 (33... Qxf3 {was worth a try.} 34. gxf3 Rb5) 34. Qxd5+ $18 Rxd5 {[%mdl 4096] Endgame KRR-KRR} 35. Ra7 Rd2 $2 (35... Rf5 36. Ree7 Rxb2) 36. Ree7 h5 37. Rg7+ Kh8 38. Rxg6 Rbxb2 39. Rf7 h4 $2 (39... Rb5 40. g3 h4 41. gxh4 Rd4) 40. Rh6+ Kg8 41. Rf4 Rd1+ 42. Kh2 Rdd2 43. Rg6+ Kh7 44. Rgf6 Kg7 45. R6f5 Kg6 46. Rf8 Kg7 47. R4f7+ Kg6 48. Rf3 Kg5 (48... Rb4 $142 49. Rg8+ Kh7) 49. R8f4 (49. R3f4 $142 Kh6 50. Rxh4+ Kg7 51. Rhf4) 49... Rd5 50. Rg4+ Kh5 51. Rff4 Rdd2 52. Rxh4+ Kg5 53. Rhg4+ Kh5 54. Rf5+ (54. Rf8 $142 Rd6 55. f4 Rb5 56. Rfg8 Re5 57. Rh4+ $1 {[%mdl 576] Decoy} Kxh4 58. Rh8+ Rh6 59. Rxh6+ Rh5 60. g3#) 54... Kh6 55. Rgf4 Kg6 56. h4 Rdc2 57. g3 Ra2 58. Kg2 Ra3 59. Rb5 Rd2 60. Rb6+ Kg7 61. Rc4 {White wants to mate with Rc7+. Cut Off at move 61} Ra7 62. Rcb4 Rf7 63. Rg4+ Kh7 64. Rf4 Rxf4 65. gxf4 {KR-KR} Rd3 66. f3 Kg7 67. Kg3 Rd1 68. Kg4 Rg1+ 69. Kf5 Rf1 70. Rb7+ Kh6 71. Kf6 Rxf3 72. f5 Rf4 73. Rb8 {[%cal Rb8h8]} Kh7 74. h5 Rf1 75. Ke6 Kg7 {[#]} 76. Rb7+ (76. h6+ $142 $1 Kxh6 77. f6 Re1+ 78. Kf7 Rf1 79. Ke7 Re1+ 80. Kf8 Re3 81. f7) 76... Kh6 77. Rb8 $2 (77. f6 Re1+ 78. Kd6 Rh1 79. Rb8 Rf1 80. Rh8+ Kg5 81. Rg8+ Kh6 82. Ke7 Re1+ 83. Kf7) 77... Kxh5 $2 {[%mdl 8192]} (77... Kg7 $11) 78. Rh8+ Kg5 79. Rg8+ Kh6 80. f6 Re1+ {[#]} 81. Kf7 $1 Kh7 82. Re8 Rf1 83. Re7 $2 (83. Re3 {mates} Kh6 84. Ke7 Kg6 85. Rg3+ Kh7 86. f7 Re1+ 87. Kd8 Rf1 88. Ke8 Re1+ 89. Kf8) 83... Kh8 $2 {[%mdl 8192]} (83... Rb1 $11) 84. Re5 {[%cal Re5h5] White mates.} Rh1 85. Kf8 Kh7 86. f7 Kg6 87. Ke8 {Weighted Error Value: White=0.20/Black=0.28} 1-0

[Event "EWCCC Online Preliminary-C 2020"]
[Site "Online"]
[Date "2020.12.19"]
[Round "6.3"]
[White "Broly, Mathilde"]
[Black "Gara, Anita"]
[Result "0-1"]
[WhiteElo "2150"]
[BlackElo "2350"]
[Annotator "TA"]
[PlyCount "104"]
[EventDate "2020.12.19"]
[EventType "team-tourn"]
[EventCountry "NET"]
[SourceTitle "playchess.com"]
[Source "ChessBase"]
[SourceQuality "1"]

{[%evp 11,104,10,16,0,0,-2,0,-8,-4,-2,-9,-19,18,24,16,14,67,-49,-45,-34,-12,-20,0,-28,-35,-29,-39,-44,0,0,0,-1,0,0,208,200,265,274,264,273,268,196,241,189,245,183,306,246,241,239,262,239,271,254,267,179,175,174,182,185,160,125,120,0,10,8,0,32,56,30,110,117,101,0,0,-227,-241,-325,-114,-117,0,-1543,-1518,-885,-206,-677,-61,-589,-639,-29991,-315,-29991,-29992,-29992,-29989]} 1. c4 Nf6 2. g3 g6 3. Bg2 Bg7 4. Nc3 d6 5. Rb1 e5 6. d3 O-O 7. Bg5 {A24: English Opening vs King's Indian: Lines without ...Nc6.} h6 8. Bd2 a5 9. a3 {The position is equal.} Nc6 10. b4 axb4 11. axb4 Rb8 {[#]} 12. Nf3 $146 ({Predecessor:} 12. Qc1 Kh7 13. h4 Be6 14. h5 g5 15. Nf3 Nd4 16. Nxg5+ hxg5 17. h6 Bh8 18. Bxg5 {½-½ (38) Olsson,L (2067)-Quinn,J (2157) Gausdal 2008}) 12... Be6 13. O-O e4 ({Better is} 13... Ra8 $11) 14. Ne1 (14. dxe4 $14 Bxc4 15. Qc1) 14... exd3 $15 15. exd3 Nd4 16. Be3 Ng4 17. Qd2 Nxe3 18. fxe3 Nf5 19. Nc2 Re8 20. Nd5 c6 21. Nf4 {[%cal Bd5f4,Bf4d3,Bd3c1][%mdl 32]} Bd7 22. d4 Qe7 $2 (22... h5 $11) 23. e4 $18 Qf6 24. exf5 Bxf5 25. Rbd1 Ra8 {and the idea ...Ra2 leaves Black hopeful.} 26. Nd3 {Strongly threatening g4!} Qd8 27. Nc1 Qb6 (27... h5 $142 28. Qf2 Qc7) 28. Ne3 Be4 (28... Bxd4 {might work better.} 29. Qxd4 Qxd4 30. Rxd4 Rxe3) 29. Bxe4 Rxe4 30. Nc2 h5 31. Qf2 f5 32. Rfe1 Rae8 33. Na2 Rxe1+ 34. Nxe1 Qa6 35. Qc2 $1 Qa3 36. Ng2 Re4 37. b5 (37. Rd3 $1 $16 {[%cal Rd3a3]} Bxd4+ 38. Kf1) 37... Bxd4+ 38. Kh1 Qf3 39. Nc1 h4 40. Qd3 Qg4 (40... Qxd3 $1 $11 41. Nxd3 hxg3) 41. bxc6 $16 bxc6 42. Rf1 (42. gxh4 $16 {Threatens to win with h3.} Be5 43. h3) 42... h3 43. Nh4 $2 (43. Nf4 $11) 43... Re3 $19 {[%mdl 1024] Black has strong compensation.} 44. Qc2 Bc5 $2 (44... Kg7 $19 {has better winning chances.} 45. c5 dxc5) 45. Nb3 $17 Re2 (45... Bb4 $1 $17 46. Kg1 Rc3) 46. Qd1 $2 {[%mdl 8192]} (46. Qd3 $11 Re3 47. Qc2) 46... Qe4+ $19 47. Nf3 Bb4 $2 $40 {[%mdl 128] White is in trouble.} (47... Bf2 48. Rxf2 Rxf2) 48. Nc1 $2 (48. Nbd4 Re3 49. Qb1) 48... Rb2 $2 (48... Re3 $19 {...g5 is the strong threat.} 49. Kg1 g5) 49. Nd3 $2 {[%mdl 8192] [#]} ({Only move:} 49. Qd3 $1 $15) 49... Rd2 $1 {[%cal Rd2d1][%mdl 576] Double Attack} 50. Qb1 Qxd3 $2 (50... Rxd3 {mates} 51. Rf2 Bc5 52. g4 fxg4 {[%mdl 64] Pin} 53. Qb8+ {[#]} Kh7 $1 {[%mdl 512]} 54. Qb7+ Kh6 $1 {[%mdl 512]} 55. Qb1 Bxf2 56. Qxd3 Qxd3 57. Nd2 Qxd2 58. c5 Qe1#) 51. Nxd2 $2 (51. Qxd3 $19 Rxd3 52. Ng5) 51... Qxd2 {[%csl Gh3][%cal Rd2g2]} 52. Rg1 Qe2 {Black used his chance.  Weighted Error Value: White=0.90/Black=0.77} 0-1

[Event "EWCCC Online Preliminary-C 2020"]
[Site "Online"]
[Date "2020.12.19"]
[Round "6.3"]
[White "Nicoara, Malina"]
[Black "Gara, Ticia"]
[Result "0-1"]
[WhiteElo "2066"]
[BlackElo "2383"]
[Annotator "TA"]
[PlyCount "46"]
[EventDate "2020.12.19"]
[EventType "team-tourn"]
[EventCountry "NET"]
[SourceTitle "playchess.com"]
[Source "ChessBase"]
[SourceQuality "1"]

{[%evp 10,46,16,-11,-4,-41,-27,-45,-60,-40,-51,-35,-10,-110,-106,-127,-70,-65,-68,-78,-80,-395,-404,-384,-384,-439,-447,-707,-665,-800,-837,-796,-742,-707,-699,-730,-610,-1202,-1166]} 1. d4 Nf6 2. c4 e6 3. Nc3 Bb4 4. Qc2 d5 5. cxd5 exd5 6. a3 Bxc3+ {E35: Nimzo-Indian: Classical: 4...d5 5 cxd5 exd5.} 7. Qxc3 Ne4 8. Qb3 O-O {Black is slightly better.} 9. Nf3 c5 10. dxc5 Na6 {[%cal Bb8a6,Ba6c5,Bc5e6][%mdl 32]} 11. e3 (11. Qd1 $11) 11... Naxc5 $17 {[#]} 12. Qc2 $146 {[#]} ({Predecessor:} 12. Qd1 Bd7 13. Nd4 Ba4 14. Qf3 Nb3 15. Nxb3 Bxb3 16. Bd3 Qa5+ 17. Ke2 Rac8 18. Qf5 Bc2 {0-1 (18) Kiriakov,P (2535)-Sjugirov,S (2670) Sochi 2015}) 12... Bf5 (12... Bd7 $1 $17 {[%cal Rd7a4] Strongly threatening ...Ba4.} 13. b3 Rc8) 13. Nd4 $15 Bg6 14. b4 Ne6 {And now ...Nxd4 would win.} 15. Bd3 $2 {[%mdl 8192] Now White is beyond hope.} (15. Qb2 $17) 15... Rc8 $19 16. Qb2 {[#]} Nxf2 $1 {[%mdl 576] Double Attack, Discovered Attack} 17. Bxg6 (17. Qxf2 Nxd4) 17... Nxh1 {Black is clearly winning.} 18. Bf5 (18. Bd3 $142 Qf6 19. Nf3) 18... Qf6 19. Bxe6 fxe6 20. Nf3 Qxb2 21. Bxb2 Rc2 {[%mdl 64] Double Attack} 22. Be5 Nf2 {Hoping for ...Nd3+.} 23. Rb1 Nd3+ {[%mdl 64] Discovered Attack.  Weighted Error Value: White=0.95/Black=0.19} 0-1